000
00208 a2200097 4500
001
47538
100
_a
Kuter
245
_a
Airman at yalta
260
_a
New York
_b
Duell sloan peara
_c
090
_c
30556
_d
30556
942
_a
NUST-CAE
_c
M
_c
22843
999
_c
282611
_d
282611